Cinefil - kino, kde chodia dobré filmy

Podrobná bibliografia
Médium: Článok
Jazyk:Slovak
Témy:
Zdroj: 1. Entrez 1. Zima (2010), s. 49
LEADER 00582nab#a2200253#ar4500
001 000103479
003 SVKKK
005 20101228092218.0
008 060607c2010 xo e slo
FMT
038 |a SVKKK 
040 |a SVKKK  |b slo  |e AACR2 
041 0 |a slo 
044 |a xo  |c SK 
080 |a 791.43  |2 1997 
245 1 0 |a Cinefil - kino, kde chodia dobré filmy  |c [autor] (ban) 
610 2 4 |a Cinefil (Košice, Slovensko) 
650 0 4 |a filmový klub 
773 0 |t Entrez  |g Zima (2010), s. 49 
974 |a Fav 
992 |a RBX 
BAS
852 |a SVKKK  |b BIB 
998 |a REG